Statistics for Countries Starting with B (with a semi-empty map)

Click here to take the quiz!

General Stats

  • This quiz has been taken 309 times
  • The average score is 194 of 196

Answers on the Map

Answers color-coded by a green-red scale on the quiz's map according to % correct below.
 

Answer Stats

Country% Correct
x
100%
Brazil
99%
Bolivia
97%
Botswana
95%
Belarus
94%
Benin
90%
Burkina Faso
90%
Belgium
89%
Bhutan
89%
Bulgaria
89%
Bangladesh
87%
Barbados
83%
Bahamas
80%
Bosnia and
Herzegovina
79%
Brunei
79%
Bahrain
78%
Burundi
78%
Belize
73%

Score Distribution

Percentile by Number Answered

Percent of People with Each Score

Your Score History

You have not taken this quiz